00527cam a22002171 4500001001300000003000400013005001700017008004100034010001700075035002000092040001800112042001200130050002100142100003200163245001200195260001100207300001900218500001400237700003200251700002600283sa 68002406 DLC20260227112442.0890505s1967 ii 000 0 hino  asa 68002406  a(OCoLC)19660419 aDLCcWaUdDLC apremarc00aPK2098.42.I5bV51 aVimala, Gaṅgāprasāda.10aVijapa. c[1967] a128 p.c23 cm. aIn Hindi.1 aChaturvedi, Jagdish,d1933-1 aParmar, Shyam,d1925-